Sports Quiz

Random Sports or WWE Quiz

Complete the Card: Unforgiven 2000 Quiz Stats

 Plays Quiz not verified by Sporcle

Score 0/30 Timer 03:00
0 Plays Today
Match Type Wrestler % Correct
Match 8 - Fatal 4-Way Match for the WWF ChampionshipKane
97.7%
Match 5 - Steel Cage Match for the WWF Tag Team ChampionshipMatt Hardy
97.4%
Match 5 - Steel Cage Match for the WWF Tag Team ChampionshipJeff Hardy
97.4%
Match 5 - Steel Cage Match for the WWF Tag Team ChampionshipEdge
97%
Match 8 - Fatal 4-Way Match for the WWF ChampionshipThe Rock
97%
Match 5 - Steel Cage Match for the WWF Tag Team ChampionshipChristian
96.6%
Match 8 - Fatal 4-Way Match for the WWF ChampionshipThe Undertaker
96.2%
Match 7 - No Disqualification Match with Mick Foley as the Special Guest RefereeTriple H
95.9%
Match 7 - No Disqualification Match with Mick Foley as the Special Guest RefereeKurt Angle
94.7%
Match 8 - Fatal 4-Way Match for the WWF ChampionshipChris Benoit
94%
Match 1 - 8-Man Tag Team MatchVal Venis
92.9%
Match 1 - 8-Man Tag Team MatchD-Von Dudley
92.1%
Match 1 - 8-Man Tag Team MatchBubba Ray Dudley
92.1%
Match 1 - 8-Man Tag Team MatchThe Goodfather
91%
Match 1 - 8-Man Tag Team MatchBull Buchanan
89.8%
Match Type Wrestler % Correct
Match 4 - Singles MatchChris Jericho
89.5%
Match 3 - Hardcore Open Invitational for the WWF Hardcore ChampionshipCrash Holly
88.3%
Match 1 - 8-Man Tag Team MatchSteven Richards
88%
Match 6 - Singles Match for the WWF Intercontinental ChampionshipEddie Guerrero
86.5%
Match 1 - 8-Man Tag Team MatchFaarooq
86.1%
Match 3 - Hardcore Open Invitational for the WWF Hardcore ChampionshipSteve Blackman
85.7%
Match 1 - 8-Man Tag Team MatchBradshaw
85.3%
Match 6 - Singles Match for the WWF Intercontinental ChampionshipRikishi
82.7%
Match 2 - Strap MatchTazz
82.3%
Match 4 - Singles MatchX-Pac
79.3%
Match 3 - Hardcore Open Invitational for the WWF Hardcore ChampionshipPerry Saturn
78.2%
Match 3 - Hardcore Open Invitational for the WWF Hardcore ChampionshipTest
77.1%
Match 2 - Strap MatchJerry Lawler
76.3%
Match 3 - Hardcore Open Invitational for the WWF Hardcore ChampionshipAl Snow
72.9%
Match 3 - Hardcore Open Invitational for the WWF Hardcore ChampionshipFunaki
43.2%

You're not logged in!

Compare scores with friends on all Sporcle quizzes.
OR
Log In

Show Comments

Extras

Top Quizzes Today


Score Distribution

Your Account Isn't Verified!

In order to create a playlist on Sporcle, you need to verify the email address you used during registration. Go to your Sporcle Settings to finish the process.

Report this User

Report this user for behavior that violates our Community Guidelines.

Details: